Analisis integral del sistema de fraccionamiento de medicamentos de la C.C.S.S.
Gorde:
| Egile nagusia: | |
|---|---|
| Formatua: | Tesis Liburua |
| Hizkuntza: | Undetermined |
| Argitaratua: |
1986
|
| Gaiak: | |
| Etiketak: |
Etiketa erantsi
Etiketarik gabe, Izan zaitez lehena erregistro honi etiketa jartzen!
|
MARC
| LEADER | 00000nam a2200000Ia 4500 | ||
|---|---|---|---|
| 001 | 3003 | ||
| 008 | 140114s9999 xx 000 0 und d | ||
| 100 | |a Arce Hoffmaister, Orlando | ||
| 245 | |a Analisis integral del sistema de fraccionamiento de medicamentos de la C.C.S.S. | ||
| 260 | |c 1986 | ||
| 500 | |a NULL | ||
| 502 | |a Escuela de ingenieria Industrial | ||
| 650 | |z SISTEMA DE FRACCIONAMIENTO | ||
| 999 | |c 11710 |d 11710 | ||
